| 000 | 00626nam a2200205 a 4500 | ||
|---|---|---|---|
| 005 | 20230217111527.0 | ||
| 008 | 230217t2021 my ||||| |||| 00| 0 eng d | ||
| 040 | _aAKMAL | ||
| 082 | _a612.82 RIZ | ||
| 090 |
_a612.82 _bRIZ |
||
| 100 |
_aRizal Abu Bakar _99523 |
||
| 245 |
_aOtak 2.0 / _cDr Rizal Abu Bakar |
||
| 260 |
_aKota Bharu : _bDigital Brain Sdn Bhd, _c2021 |
||
| 300 |
_a136pg. : _bill., col ; _c21cm |
||
| 599 | _aDALAM PROSES | ||
| 650 |
_aBrain _9911 |
||
| 650 |
_aBrain stimulation _91203 |
||
| 650 |
_aBrain _xGrowth _99524 |
||
| 942 |
_2ddc _cBOOK |
||
| 999 |
_c4974 _d4974 |
||